<?xml version="1.0" encoding="UTF-8"?>
<record
    xmlns:xsi="http://www.w3.org/2001/XMLSchema-instance"
    xsi:schemaLocation="http://www.loc.gov/MARC21/slim http://www.loc.gov/standards/marcxml/schema/MARC21slim.xsd"
    xmlns="http://www.loc.gov/MARC21/slim">

  <leader>02804njm a2200577 i 4500</leader>
  <controlfield tag="001">196108</controlfield>
  <controlfield tag="003">ES-MaACL</controlfield>
  <controlfield tag="005">20250904042301.0</controlfield>
  <controlfield tag="007">sd*fsngnnmmned</controlfield>
  <controlfield tag="008">240209s2007    sp opn   d     /    ita  </controlfield>
  <datafield tag="015" ind1=" " ind2=" ">
    <subfield code="a">SON07</subfield>
  </datafield>
  <datafield tag="017" ind1=" " ind2=" ">
    <subfield code="a">M 25699-2007</subfield>
    <subfield code="b">Oficina Dep&#xF3;sito Legal Madrid</subfield>
  </datafield>
  <datafield tag="020" ind1=" " ind2=" ">
    <subfield code="a">9788496832657</subfield>
  </datafield>
  <datafield tag="035" ind1=" " ind2=" ">
    <subfield code="a">(OCoLC)1004297498</subfield>
  </datafield>
  <datafield tag="035" ind1=" " ind2=" ">
    <subfield code="a">(SpMaBN)a4580561</subfield>
  </datafield>
  <datafield tag="040" ind1=" " ind2=" ">
    <subfield code="a">SpMaBN</subfield>
    <subfield code="b">spa</subfield>
    <subfield code="c">SpMaBN</subfield>
    <subfield code="e">rdc</subfield>
  </datafield>
  <datafield tag="100" ind1="1" ind2=" ">
    <subfield code="a">Rossini, Gioachino, </subfield>
    <subfield code="d">1792-1868</subfield>
    <subfield code="9">240542</subfield>
    <subfield code="e">dnr</subfield>
  </datafield>
  <datafield tag="240" ind1="1" ind2=" ">
    <subfield code="a">L'italiana in Algeri</subfield>
  </datafield>
  <datafield tag="245" ind1="1" ind2="2">
    <subfield code="a">L'italiana in Algeri /</subfield>
    <subfield code="c">Rossini ; libreto de Angelo Anelli </subfield>
    <subfield code="h">[Grabaci&#xF3;n sonora]</subfield>
  </datafield>
  <datafield tag="260" ind1=" " ind2=" ">
    <subfield code="a">Madrid :</subfield>
    <subfield code="b">Prisa Innova, </subfield>
    <subfield code="c">D.L. 2007</subfield>
  </datafield>
  <datafield tag="264" ind1=" " ind2=" ">
    <subfield code="a">&#xA9;2007</subfield>
  </datafield>
  <datafield tag="300" ind1=" " ind2=" ">
    <subfield code="a">2 discos (CD Audio) + </subfield>
    <subfield code="e">1 libro (76 p&#xE1;ginas)</subfield>
  </datafield>
  <datafield tag="336" ind1=" " ind2=" ">
    <subfield code="2">rdacontent</subfield>
    <subfield code="a">m&#xFA;sica (interpretada)</subfield>
  </datafield>
  <datafield tag="337" ind1=" " ind2=" ">
    <subfield code="2">rdamedia</subfield>
    <subfield code="a">audio</subfield>
  </datafield>
  <datafield tag="338" ind1=" " ind2=" ">
    <subfield code="2">rdacarrier</subfield>
    <subfield code="a">volumen</subfield>
  </datafield>
  <datafield tag="490" ind1="1" ind2=" ">
    <subfield code="a">Los cl&#xE1;sicos de la &#xF3;pera, 400 a&#xF1;os ;</subfield>
    <subfield code="v">29</subfield>
  </datafield>
  <datafield tag="500" ind1=" " ind2=" ">
    <subfield code="a">Remasterizado</subfield>
  </datafield>
  <datafield tag="511" ind1="1" ind2=" ">
    <subfield code="a">Lucia Valentini-Terrani, Ugo Benelli, Sesto Bruscantini, Enzo Dara, Norma Palacios-Rossi, Gigliola Caputi, Alfredo Mariotti ; Coro de la &#xD3;pera Estatal de Dresde ; Staatskapelle Dresden ; Gary Bertini, director musical.</subfield>
  </datafield>
  <datafield tag="518" ind1=" " ind2=" ">
    <subfield code="a">Grabado en Dresde en febrero de 1978</subfield>
  </datafield>
  <datafield tag="520" ind1=" " ind2=" ">
    <subfield code="a">L'italiana in Algeri no hace nada para disimular su condici&#xF3;n de disparate puro, de locura sin tapujos. El p&#xFA;blico del estreno, el 22 de mayo de 1813 en Venecia, aplaudi&#xF3; a m&#xE1;s no poder y la calurosa acogida impuso definitivamente al joven compositor. Stendhal se refiri&#xF3; a la obra como "una locura organizada y completa, que hace olvidar toda la tristeza del mundo".</subfield>
  </datafield>
  <datafield tag="650" ind1=" " ind2="7">
    <subfield code="a">&#xD3;peras-</subfield>
    <subfield code="9">137584</subfield>
    <subfield code="v">Libretos</subfield>
  </datafield>
  <datafield tag="655" ind1=" " ind2="7">
    <subfield code="a">Libretos</subfield>
    <subfield code="2"></subfield>
    <subfield code="9">242219</subfield>
  </datafield>
  <datafield tag="700" ind1="1" ind2=" ">
    <subfield code="a">Anelli, Angelo, </subfield>
    <subfield code="d">1761-1820- </subfield>
    <subfield code="t">L'italiana in Algeri- </subfield>
    <subfield code="l">Espa&#xF1;ol-Italiano</subfield>
    <subfield code="9">238286</subfield>
    <subfield code="e">lbt</subfield>
  </datafield>
  <datafield tag="700" ind1="1" ind2=" ">
    <subfield code="a">Valentini-Terrani, Lucia</subfield>
    <subfield code="9">238287</subfield>
    <subfield code="e">prf</subfield>
  </datafield>
  <datafield tag="700" ind1="1" ind2=" ">
    <subfield code="a">Benelli, Ugo</subfield>
    <subfield code="9">238288</subfield>
    <subfield code="e">prf</subfield>
  </datafield>
  <datafield tag="700" ind1="1" ind2=" ">
    <subfield code="a">Bruscantini, Sesto, </subfield>
    <subfield code="d">1919-2003</subfield>
    <subfield code="9">238289</subfield>
    <subfield code="e">prf</subfield>
  </datafield>
  <datafield tag="700" ind1="1" ind2=" ">
    <subfield code="a">Dara, Enzo, </subfield>
    <subfield code="d">1938-</subfield>
    <subfield code="9">238290</subfield>
    <subfield code="e">prf</subfield>
  </datafield>
  <datafield tag="700" ind1="1" ind2=" ">
    <subfield code="a">Palacios-Rossi, Norma</subfield>
    <subfield code="9">238291</subfield>
    <subfield code="e">prf</subfield>
  </datafield>
  <datafield tag="700" ind1="1" ind2=" ">
    <subfield code="a">Caputi, Gigliola</subfield>
    <subfield code="9">238292</subfield>
    <subfield code="e">prf</subfield>
  </datafield>
  <datafield tag="700" ind1="1" ind2=" ">
    <subfield code="a">Mariotti, Alfredo, </subfield>
    <subfield code="d">1932-2009</subfield>
    <subfield code="9">238293</subfield>
    <subfield code="e">prf</subfield>
  </datafield>
  <datafield tag="700" ind1="1" ind2=" ">
    <subfield code="a">Bertini, Gary, </subfield>
    <subfield code="d">1927-2005</subfield>
    <subfield code="9">238294</subfield>
    <subfield code="e">msd</subfield>
  </datafield>
  <datafield tag="710" ind1="2" ind2=" ">
    <subfield code="a">Dresdner Staatsopernchor</subfield>
    <subfield code="9">238295</subfield>
  </datafield>
  <datafield tag="710" ind1="2" ind2=" ">
    <subfield code="a">Staatskapelle Dresden</subfield>
    <subfield code="9">238296</subfield>
  </datafield>
  <datafield tag="852" ind1=" " ind2=" ">
    <subfield code="a">ES-MaACL</subfield>
    <subfield code="b">R.155042</subfield>
    <subfield code="c">DEPOJ</subfield>
    <subfield code="j">N-9824</subfield>
    <subfield code="h">Donaci&#xF3;n: Miren Fern&#xE1;ndez</subfield>
    <subfield code="x">Encuadernaci&#xF3;n carton&#xE9;</subfield>
    <subfield code="p">Volumen 29</subfield>
    <subfield code="9">205745</subfield>
  </datafield>
  <datafield tag="903" ind1=" " ind2=" ">
    <subfield code="a">Fern&#xE1;ndez, Miren</subfield>
    <subfield code="e">dnr</subfield>
  </datafield>
  <datafield tag="942" ind1=" " ind2=" ">
    <subfield code="c">MONOGRAFIA</subfield>
    <subfield code="n">0</subfield>
  </datafield>
  <datafield tag="999" ind1=" " ind2=" ">
    <subfield code="c">196108</subfield>
    <subfield code="d">196108</subfield>
  </datafield>
  <datafield tag="952" ind1=" " ind2=" ">
    <subfield code="0">0</subfield>
    <subfield code="1">0</subfield>
    <subfield code="2">udc</subfield>
    <subfield code="4">0</subfield>
    <subfield code="7">0</subfield>
    <subfield code="a">ATENEOM</subfield>
    <subfield code="b">ATENEOM</subfield>
    <subfield code="c">DEPOJ</subfield>
    <subfield code="d">2025-05-22</subfield>
    <subfield code="e">DONACION</subfield>
    <subfield code="l">0</subfield>
    <subfield code="o">N-9824</subfield>
    <subfield code="p">101230129</subfield>
    <subfield code="r">2025-05-22 00:00:00</subfield>
    <subfield code="w">2025-05-22</subfield>
    <subfield code="y">MONOGRAFIA</subfield>
  </datafield>
</record>
